| 000 | 01348cad a22002415a 4500 | ||
|---|---|---|---|
| 001 | L141714 | ||
| 008 | 071217e20071213xxks f f000 0 eng d | ||
| 035 | _a(Sirsi) u141714 | ||
| 041 | 0 | _aeng | |
| 050 | 0 | 4 | _a692.2 $2 18 |
| 110 | 1 |
_aUnited Kingdom _bDepartment for Communities and Local Government _94939 |
|
| 245 | 0 | 0 |
_aEnergy Performance Certificates for private marketed sales of dwellings _bvalidity period of certificates, consultation _h[electronic resource] |
| 260 |
_aLondon _bDCLG _c2007 |
||
| 520 | _aSeeks views on changes to the current ten-year validity period of domestic Energy Performance Certificates (EPCs). Considers the implications of a change to periods of three months, one year, three years, five years, and seven years. Invites views on the analysis presented, and the options for the validity period in light of this analysis. Responses are due by 6 March 2008. | ||
| 521 | 1 | _aAdvanced | |
| 590 | _aKA NTK | ||
| 650 | 2 | 4 | _aDIRECTIVE 2002/91/EC |
| 650 | 2 | 4 | _aRESIDENTIAL ENERGY PERFORMANCE CERTIFICATES |
| 651 | 4 |
_aUnited Kingdom _y |
|
| 690 | _aPROPERTY-RESIDENTIAL PROPERTY-ACQUISITION AND DISPOSAL OF RESIDENTIAL PROPERTY-HOME BUYING REFORM | ||
| 856 | 4 | 0 |
_uhttps://www.communities.gov.uk/publications/planningandbuilding/validity _zView the consultation free of charge at www.communities.gov.uk... |
| 942 | _n0 | ||
| 999 |
_c107745 _d107745 |
||